Hans E. Wulff, The Traditional Crafts of Persia, Their Development, Technology, and Influence on Eastern and Western Civilizations

Bibliographic Details
Main Author: Baňák, Kamil (Author)
Format: Article
Language:English

MARC

LEADER 00000nab a2200000ua 4500
001 vtls010840430
003 SK-MaSNL
005 20260303144230.0
008 230222s1973 xo |||||||||||||||||eng|
035 |a (urnnbn)urn:nbn:sk:snk:ar-a06xhm 
035 |a urn:nbn:sk:snk-ab637q 
035 |a (uuid)aabdc878-6ecc-45c0-aca2-e3bcfae82be3 
040 |a SNKBUCL  |b slo  |c SNKBUCL  |e AACR2 
041 0 |a eng 
044 |a xo  |c SK 
100 1 |a Baňák, Kamil  |4 aut  |9 1165428 
245 1 0 |a Hans E. Wulff, The Traditional Crafts of Persia, Their Development, Technology, and Influence on Eastern and Western Civilizations  |c Kamil Baňák 
773 0 |t Asian and African studies  |g Roč. 9, č. 1 (1973), s. 224-226 
958 |a OND 
958 |a EUIPO 
958 |a article5 
999 |c 1995682  |d 1997612